Cổ sinh môi

Đã lưu trong:
Bibliografiske detaljer
Hovedforfatter: Trần Minh Sang
Format: Bog
Sprog:Undetermined
Udgivet: Cần Thơ Viện Đại học Cần Thơ - Đại Học Khoa Học - Ban Vạn Vật Học 1973
Fag:
Tags: Tilføj Tag
Ingen Tags, Vær først til at tagge denne postø!
Thư viện lưu trữ: Trung tâm Học liệu Trường Đại học Cần Thơ
LEADER 00542nam a2200181Ia 4500
001 CTU_25850
008 210402s9999 xx 000 0 und d
082 |a 560 
082 |b S106 
100 |a Trần Minh Sang 
245 0 |a Cổ sinh môi 
245 0 |c Trần Minh Sang 
260 |a Cần Thơ 
260 |b Viện Đại học Cần Thơ - Đại Học Khoa Học - Ban Vạn Vật Học 
260 |c 1973 
650 |a paleontology 
904 |i Minh, 991105 
980 |a Trung tâm Học liệu Trường Đại học Cần Thơ